01189nam a22002297a 4500003000400000020001800004082001900022100001800041245003600059250000800095260002800103300000800131650002200139653002200161942001500183952015600198952014400354952014400498952014400642952015600786999001700942SGT a9789374735947 a615.1012bC21D aDHIKAV. VIKAS aTEXT BOOK OF CILINICAL RESEARCH a2nd aINDIAbAITBS PUB.c2021 a364 aCLINICAL RESEARCH aRESEARCH CLINICAL 2ddccBK05 00102ddc40708FPaAPLbAPLcTXTd2022-11-25eABC.PUBg485.00iSGTUl4o615.1012 C21DpFP4576r2023-04-08 00:00:00s2023-03-23w2022-11-11yBKk15336 00102ddc40708FPaAPLbAPLcTXTd2022-11-25eABC.PUBg485.00iSGTUl0o615.1012 C21DpFP4577r2022-11-29 00:00:00w2022-11-11yBKk15336 00102ddc40708FPaAPLbAPLcTXTd2022-11-25eABC.PUBg485.00iSGTUl0o615.1012 C21DpFP4578r2022-11-25 00:00:00w2022-11-11yBKk15336 00102ddc4051708FPaAPLbAPLcREFd2022-11-25eABC.PUBg485.00iSGTUo615.1012 C21DpFP4579r2022-11-25 00:00:00w2022-11-11yBKk15336 00102ddc40708FPaAPLbAPLcTXTd2022-11-25eABC.PUBg485.00iSGTUl1o615.1012 C21DpFP4580r2023-03-13 00:00:00s2023-03-13w2022-11-11yBKk15336 c23485d23485